El ensayo romántico
Uloženo v:
| Hlavní autor: | |
|---|---|
| Médium: | Kniha |
| Jazyk: | španělština |
| Vydáno: |
Buenos Aires
Centro Editor de América Latina
1967
|
| Témata: | |
| Tagy: |
Přidat tag
Žádné tagy, Buďte první, kdo vytvoří štítek k tomuto záznamu!
|
MARC
| LEADER | 00000nam a2200000 a 4500 | ||
|---|---|---|---|
| 001 | UCQ6531 | ||
| 003 | CL-VaPUC | ||
| 008 | 981016e19670000AG |||||||||||||||||spa|d | ||
| 082 | 0 | 4 | |a Ar864.08 |b PRI |2 21 |
| 100 | 0 | |a Prieto, Adolfo |e author |9 420434 | |
| 245 | 1 | 3 | |a El ensayo romántico |
| 300 | |a 92 p | ||
| 942 | |c BK | ||
| 945 | |d 19981016 00:00:00 |a crobeson | ||
| 260 | |a Buenos Aires |b Centro Editor de América Latina |c 1967 | ||
| 600 | 0 | 7 | |a ECHEVERRIA, ESTEBAN |2 CL-VaPUC |9 356322 |
| 600 | 0 | 7 | |a GUTIERREZ, JUAN MARIA |2 CL-VaPUC |9 350748 |
| 600 | 0 | |a Alberdi, Juan Bautista, |d 1810-1884 |9 331707 | |
| 650 | 0 | |a Ensayos argentinos |9 269128 | |
| 650 | 0 | |a Literatura argentina |9 320596 | |
| 650 | 0 | |a Antologías |9 309836 | |
| 583 | |a last modification |c 19981016 00:00:00 |k Rodrigo Vera | ||
| 999 | |c 276481 |d 276479 | ||
| 952 | |0 0 |1 0 |4 0 |6 AR_864_080000000000000_PRI_1967 |7 0 |8 A |9 313738 |a BIBEDU |b BIBEDU |d 2019-11-20 |i 1482807 |o Ar864.08 PRI 1967 |p 1482807 |r 2019-11-20 |w 2019-11-20 |y BK |k LIT | ||